| 000 | 00857nas1a22002531i 4500 | ||
|---|---|---|---|
| 001 | RU\NLR\Per\761398 | ||
| 005 | 20240921185155.0 | ||
| 035 | _a(NLR Aleph) 003007175 | ||
| 090 |
_a4388934 _c4388934 |
||
| 100 | _a20110422a20109999|||y0rusy50 ca | ||
| 101 | 0 | _arus | |
| 102 | _aRU | ||
| 110 | _aau||||||||| | ||
| 200 | 1 |
_aУральский предприниматель _eофициально о малом и среднем бизнесе |
|
| 207 | 0 | _a2010, № 1 (1) (нояб.) - | |
| 210 |
_aЕкатеринбург _cУралИнфо _d2010 - |
||
| 606 | 1 |
_aПредприниматели _jПериодические издания _yУрал _92182346 _3RU\NLR\AUTH\661312282 |
|
| 686 | 1 | _aУ9(2)-13(2Р36)я54 | |
| 852 |
_aNLR _jП23/8122 |
||
| 942 | _cJOURNAL | ||
| 980 | _aRUSPER | ||